000 00692nam a22002057a 4500
999 _c217
_d217
003 AR-CdUCM
008 190222b ||||| |||| 00| 0 eng d
040 _aMUNICIPALIDAD PROVINCIAL DEL CUSCO
_cBIBLIOTECA MUNICIPAL DEL CUSCO
082 _a891.32 /
_bD93
100 _aDostoiewski, F.
_9965
245 _aNotas desde el subterráneo /
_cF. Dostoiewski
260 _aMéxico :
_bEditora Nacional de México;
300 _a211 páginas ;
_c17 cm.
505 _aContenido: Noticia preliminar -- Notas desde el subterráneo -- Mientras cae la nieve.
650 _aSubterráneo
_9966
650 _aNieve
_9967
650 _aMundo interior
_9968
942 _2ddc
_cLIBROS
945 _arum
_d2019-02-22